Administrative reform in Vietnam: need and strategy (Record no. 39274)

000 -LEADER
fixed length control field 01251pab a2200181 454500
008 - FIXED-LENGTH DATA ELEMENTS--GENERAL INFORMATION
fixed length control field 180718b1997 xxu||||| |||| 00| 0 eng d
100 ## - MAIN ENTRY--PERSONAL NAME
Personal name Chau, Dao Minh
245 ## - TITLE STATEMENT
Title Administrative reform in Vietnam: need and strategy
260 ## - PUBLICATION, DISTRIBUTION, ETC.
Date of publication, distribution, etc. 1997
300 ## - PHYSICAL DESCRIPTION
Extent p.303-20
362 ## - DATES OF PUBLICATION AND/OR SEQUENTIAL DESIGNATION
Dates of publication and/or sequential designation Dec
520 ## - SUMMARY, ETC.
Summary, etc. This article discusses the need for, and strategies of, developing a sound system of administration in Vietnam. It adopts a concept of administrative reform as the induced systemic improvement of public sector operational performance. The paper examines the limitations and weaknesses of the present system of public administration from three perspectives: organization; institution; and human resource. A strategy of reform is developed with a focus on the three above mentioned dimensions. The main instruments of the reform are decentralisation, privatisation, contracting out, overhauling the existing legal system, enacting new laws and regulations, and training public servants. The potential difficulties of implementation are also analysed. - Reproduced
650 ## - SUBJECT ADDED ENTRY--TOPICAL TERM
Topical term or geographic name entry element Public administration
650 ## - SUBJECT ADDED ENTRY--TOPICAL TERM
Topical term or geographic name entry element Administrative reform - Vietnam
650 ## - SUBJECT ADDED ENTRY--TOPICAL TERM
Topical term or geographic name entry element Administrative reform
773 ## - HOST ITEM ENTRY
Main entry heading Asian Journal of Public Administration
909 ## -
-- 39274
Holdings
Withdrawn status Lost status Damaged status Not for loan Permanent Location Current Location Date acquired Serial Enumeration / chronology Barcode Date last seen Price effective from Koha item type
        Indian Institute of Public Administration Indian Institute of Public Administration 2018-07-19 Volume no: 19, Issue no: 2 AR39639 2018-07-19 2018-07-19 Articles

Powered by Koha